00563nam a2200181Ia 4500003000400000005001700004008004100021020001800062040001600080082001600096100001800112245006500130260004900195300002100244650002500265650004300290650004800333GCL20240530095259.0140319s9999 xx 000 0 eng d a0 85199 575 6 aGCL / cGCL04a307.14bB G1 aBIGMAN, DAVID1 aGLOBALIZATION AND THE DEVELOPING COUNTRIES / cBIGMAN, DAVID aانجلترا : bCABI PUBLISHING ، c2002 a24 CM ؛ c336 P04aDEVELOPING COUNTRIES04aDEVELOPING COUNTRIES - ECONOMIC POLICY04aECONOMIC DEVELOPMENT - DEVELOPING COUNTRIES